First Ladies by State Quiz - Statistics

General Stats
  • This quiz has been taken 104 times
  • The average score is 14 of 45
Answer Stats
First Lady State % Correct
Michelle Obama Illinois
94%
Laura Bush Texas
87%
Melania Trump (country) Slovenia
79%
Rosalynn Carter Georgia
75%
Eleanor Roosevelt New York
70%
Jacqueline Kennedy New York
68%
Claudia Johnson Texas
60%
Martha Jefferson Virginia
60%
Louisa Adams (country) United Kingdom
51%
Hillary Clinton Illinois
49%
Abigail Adams Massachusetts
48%
Bess Truman Missouri
48%
Florence Harding Ohio
41%
Mary Lincoln Kentucky
40%
Frances Cleveland New York
40%
Helen Taft Ohio
40%
Lucy Hayes Ohio
38%
Ida McKinley Ohio
35%
Caroline Harrison Ohio
32%
Jane Pierce New Hampshire
30%
Barbara Bush New York
30%
Lucretia Garfield Ohio
30%
Grace Coolidge Vermont
30%
Abigail Fillmore New York
24%
Sarah Polk Tennessee
22%
Eliza Johnson Tennessee
21%
Emily Donelson Tennessee
21%
Lou Hoover Iowa
17%
Elizabeth Monroe New York
17%
Nancy Reagan New York
16%
Edith Wilson Virginia
16%
Julia Tyler New York
14%
Julia Grant Missouri
11%
Martha Washington North Carolina
10%
Ellen Wilson Georgia
8%
Betty Ford Illinois
8%
Mamie Eisenhower Iowa
8%
Dolley Madison North Carolina
8%
Ellen Arthur Virginia
8%
Edith Roosevelt Connecticut
6%
Thelma Nixon Nevada
5%
Anna Harrison New Jersey
3%
Letitia Tyler New Jersey
2%
Margaret Taylor Maryland
0%
Angelica Singleton South Carolina
0%
No matching quizzes found
Score Distribution
Percent of People with Each Score
Percentile by Number Answered
Your Score History
You have not taken this quiz